=LDR 00000nam 2200000 4500 =001 INLIS000000000059934 =005 20211221081622 =035 ##$$a 0010-1221000161 =007 ta =008 211221###########################0#ind## =082 ##$$a R.324.026 =084 ##$$a R.324.026 Ind u =245 ##$$a Undang- Undang Pemilu 2003 Lengkap =300 ##$$a x,229 halaman ; $c 22 cm. =650 #4$$a Undang - Undang dan Peraturan =264 ##$$a jakarta :$b Sinar Grafika,$c 2003 =336 ##$$a teks$2 rdacontent =337 ##$$a lain-lain$2 rdamedia =338 ##$$a lain-lain$2 rdacarrier =990 ##$$a 36263626